Najpopularniejsze Kolory szminek - Statystyki

Ogólne statystyki
  • Ten quiz został rozwiązany 49 razy
    44 od ostatniego zresetowania
  • Średni wynik to 4 z 7
Statystyki odpowiedzi
Hint Odpowiedź % Poprawnych
1. Czerwony
100%
3. Różowy
92%
4. Fioletowy
82%
2. Brązowy
63%
5. Bordowy
53%
7. Nude
29%
6. Malinowy
11%
Nie znaleziono quizów pasujących do podanych kryteriów
Rozkład punktacji
Procent ludzi z każdym wynikiem
Percentyl według liczby udzielonych odpowiedzi
Twoja historia wyników
Nie rozwiązałeś tego quizu od ostatniego zresetowania